| 000 | 005950000a22001930004500 | ||
|---|---|---|---|
| 090 |
_aAR _b00408 |
||
| 245 | 1 | 0 | _aSocial behavior of wood turtles, Clemmys insculpta, in central Pennsylvania |
| 650 | 1 | 4 |
_aHerpetología _98027 |
| 650 | 1 | 4 |
_aReptiles _992767 |
| 650 | 1 | 4 |
_aTortugas _992709 |
| 650 | 1 | 4 |
_aSociabilidad _993351 |
| 650 | 1 | 4 |
_aEtología _97606 |
| 651 | 4 |
_dPensilvania _pEstados Unidos _992749 |
|
| 653 |
_fEmydidae _gClemmys _eClemmys insculpta |
||
| 041 | 0 | _aInglés | |
| 100 | 1 |
_aKaufmann, John H. _993352 |
|
| 942 | _cARTICULO | ||
| 773 | 1 |
_tHerpetological Monographs _3163 _h6 _q1-25 _d1992 |
|
| 999 |
_c9505 _d9505 |
||